<?xml version="1.0" encoding="UTF-8"?>
<record
    xmlns:xsi="http://www.w3.org/2001/XMLSchema-instance"
    xsi:schemaLocation="http://www.loc.gov/MARC21/slim http://www.loc.gov/standards/marcxml/schema/MARC21slim.xsd"
    xmlns="http://www.loc.gov/MARC21/slim">

  <leader>00944nam a2200193   4500</leader>
  <controlfield tag="003">LK-CoMWRAF</controlfield>
  <controlfield tag="005">20231214132128.0</controlfield>
  <controlfield tag="008">231214b        |||||||| |||| 00| 0 eng d</controlfield>
  <datafield tag="020" ind1=" " ind2=" ">
    <subfield code="a">9786245502073</subfield>
  </datafield>
  <datafield tag="040" ind1=" " ind2=" ">
    <subfield code="a">LK-CoMWRAF</subfield>
    <subfield code="d">LK-CoMWRAF</subfield>
    <subfield code="e">LK-CoMWRAF</subfield>
  </datafield>
  <datafield tag="041" ind1=" " ind2=" ">
    <subfield code="a">sin</subfield>
  </datafield>
  <datafield tag="082" ind1=" " ind2=" ">
    <subfield code="a">780</subfield>
    <subfield code="b">WAN</subfield>
  </datafield>
  <datafield tag="100" ind1=" " ind2=" ">
    <subfield code="a">&#xDC0;&#xDB1;&#xDCA;&#xDB1;&#xDD2;&#xDBA;&#xDC3;&#xDD2;&#xD82;&#xD9A;&#xDB8;&#xDCA;, &#xDB1;&#xDAF;&#xDD3;&#xDB1;&#xDCA;</subfield>
  </datafield>
  <datafield tag="245" ind1=" " ind2=" ">
    <subfield code="a">&#xDC1;&#xDCA;&#x200D;&#xDBB;&#xDD3; &#xDBD;&#xD82;&#xD9A;&#xDCF;&#xDC0;&#xDDA; &#xDB8;&#xDD4;&#xDC3;&#xDCA;&#xDBD;&#xDD2;&#xDB8;&#xDCA;&#xDC0;&#xDBB;&#xDD4;&#xDB1;&#xDCA;&#xD9C;&#xDDA; &#xDC3;&#xD82;&#xD9C;&#xDD3;&#xDAD; &#xDC4;&#xDCF; &#xD9C;&#xDD3;&#xDAD; &#xDC3;&#xDB8;&#xDCA;&#xDB4;&#xDCA;&#x200D;&#xDBB;&#x200D;&#xDAF;&#xDCF;&#xDBA;&#xDB1;&#xDCA; :</subfield>
    <subfield code="b">&#xDAF;&#xDC5; &#xDC0;&#xDD2;&#xDC1;&#xDCA;&#xDBD;&#xDDA;&#xDC2;&#xDAB;&#xDBA;&#xD9A;&#xDCA;</subfield>
  </datafield>
  <datafield tag="246" ind1=" " ind2=" ">
    <subfield code="a">Sri Lankawe muslimwarunge sangeetha ha geetha sampradayan : Dala wishleshanayak</subfield>
  </datafield>
  <datafield tag="260" ind1=" " ind2=" ">
    <subfield code="a">&#xD9A;&#xDDC;&#xDC5;&#xDB9; :</subfield>
    <subfield code="b">&#xDA2;&#xDB1;&#xDC0;&#xDCF;&#xDBB;&#xDCA; &#xD9C;&#xDD2;&#xD9A; &#xD85;&#xDB0;&#xDCA;&#x200D;&#xDBA;&#xDB1;&#xDBA; &#xDC3;&#xDB3;&#xDC4;&#xDCF;&#xDC0;&#xDD6; &#xDA2;&#xDCF;&#xDAD;&#xDCA;&#x200D;&#xDBA;&#xDB1;&#xDCA;&#xDAD;&#xDBB; &#xD9A;&#xDDA;&#xDB1;&#xDCA;&#xDAF;&#xDCA;&#x200D;&#xDBB;&#x200D;&#xDBA;</subfield>
    <subfield code="c">2021</subfield>
  </datafield>
  <datafield tag="650" ind1=" " ind2=" ">
    <subfield code="a">&#xDB8;&#xDD4;&#xDC3;&#xDCA;&#xDBD;&#xDD2;&#xDB8;&#xDCA; &#xD9C;&#xDD3;&#xDAD; &#xDC3;&#xDB8;&#xDCA;&#xDB4;&#xDCA;&#x200D;&#xDBB;&#x200D;&#xDAF;&#xDCF;&#xDBA;&#xDB1;&#xDCA;</subfield>
  </datafield>
  <datafield tag="942" ind1=" " ind2=" ">
    <subfield code="c">BK</subfield>
  </datafield>
  <datafield tag="952" ind1=" " ind2=" ">
    <subfield code="0">0</subfield>
    <subfield code="1">0</subfield>
    <subfield code="4">0</subfield>
    <subfield code="7">0</subfield>
    <subfield code="a">MAIN</subfield>
    <subfield code="b">MAIN</subfield>
    <subfield code="d">2023-12-14</subfield>
    <subfield code="l">0</subfield>
    <subfield code="o">780 WAN</subfield>
    <subfield code="p">RAF4831</subfield>
    <subfield code="r">2023-12-14</subfield>
    <subfield code="w">2023-12-14</subfield>
    <subfield code="y">BK</subfield>
  </datafield>
  <datafield tag="999" ind1=" " ind2=" ">
    <subfield code="c">4449</subfield>
    <subfield code="d">4449</subfield>
  </datafield>
</record>
